Religion Quiz

Random Religion or Book Quiz
Score 0/9 Timer 02:00
0 Plays Today
% Correct
Circle I: Limbo
85.3%
Circle II: Lust
75.3%
Circle III: Gluttony
71%
Circle IX: Treachery
67%
Circle IV: Greed
65.6%
Circle VIII: Fraud
63.4%
Circle VII: Violence
59%
Circle V: Anger
57.6%
Circle VI: Heresy
57.3%
Remove Ads.
Support Sporcle.
Get the best of Sporcle when you Go Orange. This ad-free experience offers more features, more stats, and more fun while also helping to support Sporcle. Thank you for becoming a member.

You're not logged in!

Compare scores with friends on all Sporcle quizzes.
OR
Log In

Sporcle TV

Today on Sporcle TV


Watch our educational content, quiz creation guides, and fun videos on Sporcle TV.

Show Comments

Extras

Top Quizzes Today


Score Distribution

Paid Content

Your Account Isn't Verified!

In order to create a playlist on Sporcle, you need to verify the email address you used during registration. Go to your Sporcle Settings to finish the process.

Report this User

Report this user for behavior that violates our Community Guidelines.

Details: